Les pokémon de type spectre (avec types indiqués) - Statistiques

Statistiques générales
  • Ce quiz a été pris 3 260 fois
    3 251 depuis la dernière actualisation
  • Le résultat moyen est 27 sur 35
Statistiques - réponses
Génération Type(s) N°National Pokémon % Correct
1ère Spectre Poison 94 Ectoplasma
100%
1ère Spectre Poison 92 Fantominus
99%
1ère Spectre Poison 93 Spectrum
99%
3ème Tenebres Spectre 302 Tenefix
85%
4ème Glace Spectre 478 Momartik
84%
4ème Electrique Spectre 479 Motisma
83%
4ème Spectre Dragon 487 Giratina
82%
3ème Spectre 354 Branette
81%
2ème Spectre 200 Feuforeve
81%
5ème Spectre Feu 609 Lugulabre
81%
3ème Spectre 355 Skelenox
81%
5ème Spectre Feu 607 Funecire
80%
3ème Insecte Spectre 292 Munja
80%
3ème Spectre 356 Teraclope
80%
4ème Spectre 477 Noctunoir
79%
4ème Spectre Tenebres 442 Spiritomb
79%
4ème Spectre 429 Magireve
78%
3ème Spectre 353 Polichombr
77%
6ème Acier Spectre 681 Exagide
75%
4ème Spectre Vol 425 Baudrive
74%
4ème Spectre Vol 426 Grodrive
74%
5ème Spectre Feu 608 Melancolux
73%
6ème Acier Spectre 679 Monorpale
71%
5ème Eau Spectre 593 Moyade
71%
6ème Spectre Plante 709 Desseliande
68%
6ème Acier Spectre 680 Dimocles
68%
5ème Eau Spectre 592 Viskuse
68%
6ème Spectre Plante 708 Brocelome
67%
5ème Sol Spectre 623 Golemastoc
66%
6ème Spectre Plante 710 Pitrouille
65%
5ème Sol Spectre 622 Gringolem
63%
6ème Spectre Plante 711 Banshitrouye
62%
6ème Psy Spectre 720 Hoopa
62%
5ème Spectre 562 Tutafeh
62%
5ème Spectre 563 Tutankafer
62%
Aucun quiz correspondant
Distribution des résultats
% des personnes avec chaque résultat
Percentile par nombre de réponses
Votre historique - résultats
Vous n’avez pas pris ce quiz depuis la dernière actualisation